<?xml version='1.0' encoding='UTF-8'?>
  <record xmlns="http://www.loc.gov/MARC21/slim">
    <leader>00000ctm a22000007i 4500</leader>
    <controlfield tag="001">ocn965420426</controlfield>
    <controlfield tag="003">OCoLC</controlfield>
    <controlfield tag="005">20250202095513.4</controlfield>
    <controlfield tag="008">130417q1477    ne            000 0 lat d</controlfield>
    <datafield tag="040" ind1=" " ind2=" ">
      <subfield code="a">QGJ</subfield>
      <subfield code="b">dut</subfield>
      <subfield code="c">QGJ</subfield>
      <subfield code="d">QGJ</subfield>
      <subfield code="d">OCLCA</subfield>
      <subfield code="d">OCLCO</subfield>
      <subfield code="d">QGJ</subfield>
      <subfield code="d">OCLCL</subfield>
      <subfield code="d">OCLCQ</subfield>
    </datafield>
    <datafield tag="035" ind1=" " ind2=" ">
      <subfield code="a">(OCoLC)965420426</subfield>
    </datafield>
    <datafield tag="245" ind1="0" ind2="0">
      <subfield code="a">Devotionale novum.</subfield>
      <subfield code="f">UBU Hs. 369 (Hs 5 E 2).</subfield>
    </datafield>
    <datafield tag="260" ind1=" " ind2=" ">
      <subfield code="a">[Utrecht] :</subfield>
      <subfield code="b">[Karthuizerklooster Nieuwlicht of Bloemendaal],</subfield>
      <subfield code="c">1477.</subfield>
    </datafield>
    <datafield tag="300" ind1=" " ind2=" ">
      <subfield code="a">207 fol. ;</subfield>
      <subfield code="c">214 x 146 (151 x 110) mm.</subfield>
    </datafield>
    <datafield tag="336" ind1=" " ind2=" ">
      <subfield code="a">text</subfield>
      <subfield code="b">txt</subfield>
      <subfield code="2">rdacontent</subfield>
    </datafield>
    <datafield tag="337" ind1=" " ind2=" ">
      <subfield code="a">unmediated</subfield>
      <subfield code="b">n</subfield>
      <subfield code="2">rdamedia</subfield>
    </datafield>
    <datafield tag="338" ind1=" " ind2=" ">
      <subfield code="a">volume</subfield>
      <subfield code="b">nc</subfield>
      <subfield code="2">rdacarrier</subfield>
    </datafield>
    <datafield tag="340" ind1=" " ind2=" ">
      <subfield code="a">papier, perkament</subfield>
      <subfield code="k">2 kolommen, 35 regels, littera hybrida.</subfield>
    </datafield>
    <datafield tag="500" ind1=" " ind2=" ">
      <subfield code="a">Kopiist is Nicolaus Tsgravenzande. Zie colofon (fol. 206r): Completus et inceptus Per Tsgravensand professum conventualem domus huius nove lucis ordinis cartusiensis.</subfield>
    </datafield>
    <datafield tag="500" ind1=" " ind2=" ">
      <subfield code="a">Jaar van vervaardiging ontleend aan colofon (fol 206r:) Anno domini Mo cccco lxxviio In profesto thome de aquino.</subfield>
    </datafield>
    <datafield tag="524" ind1=" " ind2=" ">
      <subfield code="a">Te citeren als: Universiteitsbibliotheek Utrecht Hs. 369 (Hs 5 E 2).</subfield>
    </datafield>
    <datafield tag="563" ind1=" " ind2=" ">
      <subfield code="a">Contemporaine leren band over houten platten met diagonale tripellijnen in een rechthoekig kader van tripellijnen, resten van twee koperen klampen.</subfield>
    </datafield>
    <datafield tag="500" ind1=" " ind2=" ">
      <subfield code="a">Incipit: Item nota. Hic incipit devocionale novum sive exercitium devote frequentandum. Videlicet singulis diebus Eaque singularibus oracionibus infrasignatis Unde qui vult gaudere consolatione protectione gratia atque devocione dicat primum oracionem de ihesu anteprandium Item post prandium oracionem de domina. Item post vesperas martirologium in oratorium (sic) vel post missas in ecclesia qui non habet librum Et tunc orationem domini post prandium. Item post vesperas oracionem de domina quod nota. Haec Tsgravenzand.</subfield>
    </datafield>
    <datafield tag="500" ind1=" " ind2=" ">
      <subfield code="a">Compilatie van verschillende teksten. Bevat: Soliloquium Jesu (fol. 1r-5r); Centum meditationes sive articuli passionis Jesu Christi / Henricus Suso (fol. 5r-12r); Orationes de vita Jesu Christi per singulos dies particulariter frequentendae (fol. 12r-34r, 147v-176v); Orationes metricae ad B. Mariam Virg. (fol. 34v-147v); Septem horulae operum divinorum septemplices (fol. 177r-207).</subfield>
    </datafield>
    <datafield tag="500" ind1=" " ind2=" ">
      <subfield code="a">Auteur van Soliloquium Jesu is Eckbertus Schoenaugiensis. Zie voor een gedrukte editie van deze tekst: J.P. Migne, Patrologiae cursus completus. Series Latina ; t. 195, kol. 106-114.</subfield>
    </datafield>
    <datafield tag="500" ind1=" " ind2=" ">
      <subfield code="a">Centum meditationes ... is een Latijnse vertaling door Willem Jordaens van: Hondert artikelen van der passien ons heren jhesu christi. Dit werk is op zijn beurt weer een vertaling van het derde deel van Henricus Suso's Büchlein der ewighen Weisheit.</subfield>
    </datafield>
    <datafield tag="500" ind1=" " ind2=" ">
      <subfield code="a">Illustrations: Blauwe en rode lombarden, rubricering.</subfield>
    </datafield>
    <datafield tag="581" ind1=" " ind2=" ">
      <subfield code="a">P.A. Tiele, Catalogus codicum manu scriptorum Bibliothecae Universitatis Rheno-Trajectinae. I. Trajecti ad Rhenum / Hagae Comitis 1887. P. 122.</subfield>
    </datafield>
    <datafield tag="581" ind1=" " ind2=" ">
      <subfield code="a">G.M. Dreves (ed.), Pia dictamina. Reimgebete und Leselieder des Mittelalters, III. Hrsg. G.M. Dreves. Leipzig 1898 (fotomechanische herdruk: Frankfurt am Main 1961). (= Analecta hymnica Medii Aevi 30). P. 40-41 nr. 18.</subfield>
    </datafield>
    <datafield tag="581" ind1=" " ind2=" ">
      <subfield code="a">A. Hulshof, Catalogus codicum manu scriptorum Bibliothecae Universitatis Rheno-Traiectinae. II. Traiecti ad Rhenum 1909. P. 55-56.</subfield>
    </datafield>
    <datafield tag="581" ind1=" " ind2=" ">
      <subfield code="a">A. Hulshof &amp; M.J. Schretlen, De kunst der oude boekbinders. XVde en XVIde eeuwsche boekbanden in de Utrechtsche Universiteitsbibliotheek. Utrecht 1921. P. 7.</subfield>
    </datafield>
    <datafield tag="581" ind1=" " ind2=" ">
      <subfield code="a">S.G. Axters, Bibliotheca dominicana Neerlandica manuscripta 1224-1500. Louvain 1970. (= Bibliothèque de la Revue d'histoire ecclésiastique 49). P. 286.</subfield>
    </datafield>
    <datafield tag="581" ind1=" " ind2=" ">
      <subfield code="a">J.P. Gumbert, Manuscrits datés conservés dans les Pays-Bas. Vol. 2: Les manuscrits d'origine néerlandaise (XIVe-XVIe siècles) et Suppl. au tome premier. Leiden etc. 1988. P. 204-205 nr. 696, pl. 775a.</subfield>
    </datafield>
    <datafield tag="581" ind1=" " ind2=" ">
      <subfield code="a">J. Deschamps, 'De middelnederlandse vertalingen en bewerkingen van de "Hundert Betrachtungen und Begehrungen" van Henricus Suso', in: Ons geestelijk erf 63-64 (1989-1990). P. 335 (fol. 5v-12r), 367 nt. 46 (fol. 204r-206r).</subfield>
    </datafield>
    <datafield tag="581" ind1=" " ind2=" ">
      <subfield code="a">J.J. van Aelst, Passie voor het lijden. De Hundert Betrachtungen und Begehrungen van Henricus Suso en de oudste drie bewerkingen uit de Nederlanden. Leuven 2005. (Ook verschenen als proefschrift Utrecht 2003). (= Miscellanea Neerlandica 33). P. p. 141, 148, 167, 201, 301, 303, 305- 306, 310, 313, 315, 317.</subfield>
    </datafield>
    <datafield tag="655" ind1=" " ind2="7">
      <subfield code="a">Handschriften (vorm)</subfield>
      <subfield code="0">(NL-LeOCL)088143309.</subfield>
      <subfield code="2">gtt</subfield>
    </datafield>
    <datafield tag="700" ind1="1" ind2=" ">
      <subfield code="a">Tsgravenzande, Nicolaus,</subfield>
      <subfield code="e">scribe.</subfield>
      <subfield code="4">scr</subfield>
    </datafield>
    <datafield tag="700" ind1="1" ind2=" ">
      <subfield code="a">Suso, Henricus,</subfield>
      <subfield code="d">ca. 1295-1366,</subfield>
      <subfield code="e">former owner.</subfield>
      <subfield code="4">fmo</subfield>
      <subfield code="1">https://id.oclc.org/worldcat/entity/E39PBJg4pdFy4FfqPfpRDMrH4q</subfield>
      <subfield code="5">NL-UtRU</subfield>
    </datafield>
    <datafield tag="700" ind1="0" ind2=" ">
      <subfield code="a">Eckbertus Schoenaugiensis.</subfield>
    </datafield>
    <datafield tag="700" ind1="1" ind2=" ">
      <subfield code="a">Jordaens, Willem,</subfield>
      <subfield code="d">ca. 1321-1372.</subfield>
      <subfield code="1">https://id.oclc.org/worldcat/entity/E39PBJcgxTb4KWbHKkB4JFmWXd</subfield>
    </datafield>
    <datafield tag="700" ind1="1" ind2=" ">
      <subfield code="a">Xanctis, Theodorus,</subfield>
      <subfield code="e">former owner.</subfield>
      <subfield code="4">fmo</subfield>
      <subfield code="5">NL-UtRU</subfield>
    </datafield>
    <datafield tag="710" ind1="2" ind2=" ">
      <subfield code="a">Karthuizerklooster Nieuwlicht of Bloemendaal (Utrecht)</subfield>
      <subfield code="e">former owner.</subfield>
      <subfield code="4">fmo</subfield>
      <subfield code="5">NL-UtRU</subfield>
    </datafield>
    <datafield tag="740" ind1="0" ind2=" ">
      <subfield code="a">Soliloquium seu meditationes.</subfield>
    </datafield>
    <datafield tag="740" ind1="0" ind2=" ">
      <subfield code="a">Soliloquium jesu.</subfield>
    </datafield>
    <datafield tag="740" ind1="0" ind2=" ">
      <subfield code="a">Centum meditationes sive articuli passionis Jesu Christi.</subfield>
    </datafield>
    <datafield tag="740" ind1="0" ind2=" ">
      <subfield code="a">Orationes de vita Jesu Christi per singulos dies particulariter frequentendae.</subfield>
    </datafield>
    <datafield tag="740" ind1="0" ind2=" ">
      <subfield code="a">Orationes metricae ad B. Mariam Virg.</subfield>
    </datafield>
    <datafield tag="740" ind1="0" ind2=" ">
      <subfield code="a">Septem horulae operum divinorum septemplices.</subfield>
    </datafield>
    <datafield tag="856" ind1="4" ind2="1">
      <subfield code="u">http://objects.library.uu.nl/reader/resolver.php?obj=002493980&amp;type=2</subfield>
      <subfield code="x">Online</subfield>
      <subfield code="z">Full Text</subfield>
    </datafield>
    <datafield tag="936" ind1=" " ind2=" ">
      <subfield code="a">BATCHLOAD</subfield>
    </datafield>
  </record>